000 00846nam a2200241Ia 4500
003 OSt
005 20220923213139.0
006 a|||||r|||| 00| 0
007 ta
008 220922b |||||||| |||| 00| 0 hin d
024 _a159,249
037 _cTextual
040 _aARTS
_cARTS
_bhin
041 _2hin
_ahin
082 _aO152,1(Q223):g, K3
100 _aपाण्डेय, श्याम नारायण
_9157573
245 0 _aहिन्दी कृष्ण काव्य में माघुर्योपासना
246 _aHindī kṛuṣhṇa kāvya mean māghuryopāsanā
260 _c1963
650 _aहिन्दी साहित्य
_9156264
942 _hO152,1(Q223):g, K3
_cTEXL
_2CC
999 _c313996
_d313996